Gesammelte Abhandlungen /
Guardado en:
| Autor Principal: | |
|---|---|
| Otros Autores: | |
| Formato: | Libro |
| Idioma: | German English French |
| Publicado: |
Berlin :
Springer-Verlag,
1968.
|
| Etiquetas: |
Agregar Etiqueta
Sin Etiquetas, Sea el primero en etiquetar este registro!
|
| LEADER | 00905cam a22002415 4500 | ||
|---|---|---|---|
| 001 | MAT.inmabb001867 | ||
| 008 | 840430s1968####gw#a#####b####000#0dger#d | ||
| 005 | 20170517124520.0 | ||
| 245 | 1 | 0 | |a Gesammelte Abhandlungen / |c Hermann Weyl ; herausgegeben von K. Chandrasekharan. |
| 260 | |a Berlin : |b Springer-Verlag, |c 1968. | ||
| 300 | |a 4 v. : |b il., retr. ; |c 26 cm. | ||
| 546 | |a Textos en alemán, inglés y francés. | ||
| 504 | |a Incluye referencias bibliográficas. | ||
| 510 | 4 | |a MR, |c 37 #6157 | |
| 100 | 1 | |a Weyl, Hermann, |d 1885-1955. | |
| 700 | 1 | |a Chandrasekharan, K. |q (Komaravolu), |d 1920- |4 edt | |
| 084 | |a 01.60 |2 MR | ||
| 010 | |a 68019815 | ||
| 041 | 0 | |a ger |a eng |a fre | |
| 859 | |h 01 |i W548 |p A-3349 |v 1 |3 Band I |b BIB. MATEMATICA | ||
| 859 | |h 01 |i W548 |p A-3350 |v 2 |3 Band II |b BIB. MATEMATICA | ||
| 859 | |h 01 |i W548 |p A-3351 |v 3 |3 Band III |b BIB. MATEMATICA | ||
| 859 | |h 01 |i W548 |p A-3352 |v 4 |3 Band IV |b BIB. MATEMATICA | ||
